[Event "XXVII RUS-chT Premier 2020"]
[Site "Sochi"]
[Date "2020.11.22"]
[Round "4.24"]
[White "Golikov, Daniil"]
[Black "Kryakvin, Dmitry"]
[Result "0-1"]
[WhiteElo "2230"]
[BlackElo "2577"]
[Annotator "TA"]
[PlyCount "150"]
[EventDate "2020.11.19"]
[EventType "team-tourn"]
[EventCountry "RUS"]
[SourceTitle "playchess.com"]
[Source "ChessBase"]
[SourceQuality "1"]

{[%evp 9,150,29,30,32,27,23,36,35,27,23,24,7,28,0,30,45,54,28,81,47,49,52,60,81,131,132,128,120,308,302,497,0,0,2,11,0,44,0,89,91,89,75,78,70,69,45,79,58,77,75,86,81,85,68,106,28,122,96,96,93,96,42,166,162,162,166,154,101,100,95,99,60,127,93,86,0,136,132,170,170,161,144,157,161,187,127,126,117,108,100,111,83,100,15,15,12,8,5,8,3,4,6,11,3,25,18,28,-102,-93,-129,-142,-151,-72,-211,-216,-205,-183,-511,-569,-544,-560,-930,-925,-942,-901,-1179,-775,-3412,-2970,-4133,-4133,-29974,-29975,-29966,-5114,-29979,-29980,-29979,-29979,-29979,-29980,-29979,-7247]} 1. d4 d5 2. c4 dxc4 3. Nf3 Nf6 4. e3 b5 5. a4 b4 $1 6. Bxc4 {D25: Queen's Gambit Accepted: 4 e3: sidelines and 4...Bg4.} e6 7. Nbd2 Be7 8. O-O {White is slightly better.} O-O 9. Qe2 {has lost popularity (9.b3).} Nbd7 10. Rd1 c5 11. Nb3 cxd4 12. Nfxd4 Bb7 {[#]} 13. f3 $146 ({Predecessor:} 13. Bd2 a5 14. Be1 e5 15. Nf5 g6 16. Nxe7+ Qxe7 17. f3 Nb6 18. Bh4 Rfc8 19. Bb5 {0-1 (51) Morchiashvili,B (2322)-Romanov,E (2613) Nakhchivan 2015}) 13... Rc8 (13... Qc7 $11) 14. e4 Qc7 15. Bb5 Rfd8 16. Be3 Ne5 17. Rdc1 Qb8 18. Na5 {Strongly threatening Rxc8.} Bxe4 $2 (18... Rxc1+ $16 19. Rxc1 Rc8) 19. fxe4 $18 Neg4 $2 (19... Nfg4 {might work better.} 20. Rxc8 Rxc8) 20. Nf3 $2 (20. g3 $18 Rxc1+ 21. Rxc1 Nxe3 22. Nac6 {[%mdl 64] Double Attack}) 20... Nxe3 $11 21. Nc6 {[#]} Rxc6 $1 {[%mdl 512]} 22. Rxc6 (22. Bxc6 Neg4) 22... Qf4 23. Re1 Neg4 (23... Nfg4 $11) 24. e5 $36 {[%mdl 2048] White has strong initiative.} Nd5 25. Rc4 Qe3+ 26. Qxe3 Ngxe3 27. Rc6 g5 28. Rec1 g4 29. Ne1 Kg7 30. Rc8 h5 31. Nd3 h4 32. Kf2 (32. Rxd8 $16 Bxd8 33. Bc6) 32... Nf5 (32... Nd1+ $1 $11 {keeps the balance.} 33. Kg1 N1e3) 33. R1c4 Rxc8 34. Rxc8 Bg5 35. Rc4 (35. a5 $16) 35... g3+ (35... Be3+ $14 36. Ke1 Bd4) 36. hxg3 $18 hxg3+ 37. Kf3 a5 38. Bc6 (38. Rc8 $142) 38... Nde3 $16 39. Re4 $1 Nc2 40. Kg4 Bd2 (40... Bd8 $14) 41. Re2 Bh6 42. Re4 (42. Rxc2 $6 Ne3+ 43. Kxg3 Nxc2 $11) 42... Bd2 $1 43. Kh3 Ncd4 44. Rg4+ $1 Kf8 45. Be4 Nh6 46. Rh4 ({Worse is} 46. Kxg3 Nxg4 47. Kxg4 Ke7 $11) ({Reject} 46. Rxg3 $6 Ne2 $11) 46... Ne2 47. Rh5 ({Inferior is} 47. Bf3 Ng1+ 48. Kxg3 Nf5+ 49. Kg4 Nxh4 $11) (47. Bh7 $1 $18) 47... Kg7 48. Bf3 Nf4+ 49. Nxf4 Bxf4 {[%mdl 4096] Endgame KRB-KBN} 50. b3 Nf5 51. Kg4 (51. Be2 $16) 51... Bxe5 $11 52. Be4 Nh6+ 53. Kf3 f5 54. Bb7 Nf7 55. Rh1 Kf6 56. Rc1 Ng5+ 57. Ke2 {And now Rc5 would win.} Bc3 58. Kd3 {[#]} (58. Rd1 $11) 58... e5 $1 $17 59. Rh1 e4+ 60. Ke3 {[#]} Ke5 ({Better is} 60... Ne6 $1 61. Rh8 Nd4) 61. Rh5 {Cut Off at move 61} (61. Rh8 $17 {is the only way for White.}) 61... Bd4+ $19 62. Ke2 Ne6 {( -> ...Nf4+)} 63. Kf1 $2 (63. Rh8 {was the crucial defense.}) 63... Bf2 64. Rh8 Nc5 65. Re8+ Kd4 66. Bc8 f4 67. Bf5 f3 68. gxf3 exf3 69. Bg4 Nxb3 {[%cal Rb3d2]} 70. Bxf3 Nd2+ {[%mdl 64] Double Attack} 71. Ke2 Nxf3 72. Kxf3 b3 {Black mates.} 73. Rd8+ Kc3 74. Rc8+ Kb4 75. Ke2 Kxa4 {What a fight!  Weighted Error Value: White=0.31/Black=0.20} (75... b2 $142 76. Rd8 Bb6 77. Rd6 Bc5 78. Rd1 g2 79. Rb1 g1=Q 80. Rxb2+ Kc3 81. Kf3 Kxb2 82. Kf4 Qe3+ 83. Kf5 Be7 84. Kg4 Qe4+ 85. Kh3 Qf3+ 86. Kh2 Bd6+ 87. Kg1 Qe2 88. Kh1 Qh2#) 0-1

[Event "XXVII RUS-chT Premier 2020"]
[Site "Sochi"]
[Date "2020.11.22"]
[Round "4.25"]
[White "Iljiushenok, Ilia"]
[Black "Goryachkina, Aleksandra"]
[Result "1/2-1/2"]
[WhiteElo "2539"]
[BlackElo "2592"]
[Annotator "TA"]
[PlyCount "103"]
[EventDate "2020.11.19"]
[EventType "team-tourn"]
[EventCountry "RUS"]
[SourceTitle "playchess.com"]
[Source "ChessBase"]
[SourceQuality "1"]

{[%evp 9,103,21,25,10,14,11,14,0,31,12,20,17,25,-6,10,0,0,-9,19,-20,0,8,20,25,28,19,21,29,28,23,31,0,18,7,22,7,14,18,14,14,35,0,0,0,16,12,21,18,19,15,64,22,22,0,61,0,29,0,0,0,0,0,0,0,0,0,0,0,0,0,0,0,0,0,0,0,0,0,0,0,0,0,0,0,0,0,0,0,0,0,0,0,0,0,0,0]} 1. e4 e5 2. Nf3 Nc6 3. Bb5 Nf6 4. d3 Bc5 5. Bxc6 dxc6 6. Nbd2 {C65: Ruy Lopez: Berlin Defence (3...Nf6), unusual lines and 4 0-0 Bc5.} Nd7 7. Nc4 f6 8. c3 {[#]} Nf8 $146 ({Predecessor:} 8... Nb6 9. Na5 O-O 10. O-O Qe8 11. d4 Bd6 12. Re1 Rb8 13. Be3 exd4 14. Bxd4 Bg4 {½-½ (67) Le,Q (2709)-So,W (2770) chess24.com INT 2020}) 9. d4 exd4 10. cxd4 Be6 11. b3 Be7 12. O-O Ng6 13. Ne3 Qd7 14. Qc2 O-O 15. Rd1 Rad8 16. Bb2 Nf4 17. Nh4 Rfe8 18. Nhf5 Bf8 19. f3 Qf7 20. Bc3 Rd7 21. Re1 Red8 22. Rad1 Bxf5 23. Nxf5 Ne6 24. Qb2 a5 25. Bxa5 g6 26. Ne3 Rxd4 27. Rxd4 Nxd4 28. Bc3 c5 29. b4 b6 30. a4 f5 $1 31. exf5 (31. bxc5 {feels hotter.} Bxc5 32. Kh1 Qb3 33. Qc1 fxe4 34. Ng4) 31... gxf5 (31... Nxf5 $11 32. Nxf5 Qxf5) 32. a5 ({White should play} 32. bxc5 $14 Bxc5 33. Kh1) 32... Nb5 (32... Bg7 {keeps more tension.} 33. axb6 cxb6 34. bxc5 bxc5 35. Kh1 Re8) 33. axb6 cxb6 {The position is equal.} 34. bxc5 Nxc3 35. Qxc3 Bxc5 {[#] Hoping for ...f4.} 36. Kf1 Re8 37. Nc2 Rxe1+ 38. Nxe1 Qa2 {[%csl Gc5][%cal Ra2f2]} 39. Nd3 Qb1+ 40. Ke2 Qg1 41. Nxc5 Qxg2+ 42. Ke3 {[#] Black must now prevent Qb3+.} bxc5 $11 {[%mdl 4096] Endgame KQ-KQ} 43. Qe5 Qg6 44. Kf2 Qb6 45. Qxf5 c4+ 46. Ke2 Qb2+ 47. Kd1 Qb3+ 48. Kc1 c3 49. Qg5+ Kf7 {...Qb2+ is the strong threat.} 50. Qf5+ Ke8 51. Qe4+ Kf8 {( -> ...Qb2+)} 52. Qf5+ {Weighted Error Value: White=0.09/Black=0.06} 1/2-1/2

[Event "XXVII RUS-chT Premier 2020"]
[Site "Sochi"]
[Date "2020.11.22"]
[Round "4.26"]
[White "Kobalia, Mikhail"]
[Black "Bykov, Oleg"]
[Result "1-0"]
[WhiteElo "2590"]
[BlackElo "2362"]
[Annotator "TA"]
[PlyCount "159"]
[EventDate "2020.11.19"]
[EventType "team-tourn"]
[EventCountry "RUS"]
[SourceTitle "playchess.com"]
[Source "ChessBase"]
[SourceQuality "1"]

{[%evp 25,159,44,35,38,26,21,45,56,61,39,75,79,77,69,91,80,87,47,76,83,77,34,112,47,106,100,171,155,137,94,112,122,277,271,273,256,242,212,260,250,305,336,299,295,300,270,258,192,202,202,203,190,182,199,312,327,345,321,320,316,393,213,208,192,190,157,156,171,158,131,131,131,133,134,158,155,147,131,227,174,156,171,158,131,622,260,260,271,267,267,179,243,275,111,227,202,212,201,179,179,179,118,118,118,118,118,868,608,411,373,1622,1066,861,842,753,734,29944,7752,6908,406,5327,5327,3362,2200,29983,29984,29983,29979,29978,29979,29987,29988,29988,29989,29989,29990]} 1. d4 Nf6 2. Nf3 g6 3. c4 Bg7 4. Nc3 O-O 5. e4 d6 6. Be2 e5 7. O-O Nc6 8. d5 Ne7 9. b4 a5 10. bxa5 Rxa5 11. a4 Nd7 12. Ba3 Ra8 13. Bb4 Bh6 14. Bd3 $5 {[%mdl 4] A promising side line. E97: King's Indian: Classical Main Line (6...e5 7 0-0 Nc6): 8 Be3 and 8 d5 Ne7, not 9 Ne1.} f5 15. Re1 Kh8 16. a5 {White is slightly better.} Ng8 {[#]} 17. Ra3 $146 ({Predecessor:} 17. h3 Ndf6 18. c5 fxe4 19. Bxe4 Rf7 20. Bc2 Bf5 21. Bb3 Ne8 22. c6 Qb8 23. g4 bxc6 24. dxc6 {1-0 (51) Smirnov,P (2620)-Jenni,F (2517) Istanbul 2004}) 17... Ndf6 18. c5 fxe4 19. Bxe4 Bf5 20. Bd3 Ne7 21. Be2 Ne4 22. cxd6 $1 cxd6 23. Nb5 {[%cal Bc3b5,Bb5a3,Ba3c4][%mdl 32] Threatens to win with Bd3.} Ra6 (23... Rc8 $14) 24. Rb3 (24. h3 $16) 24... Bg7 (24... Rxa5 $14 25. Bxa5 Qxa5) 25. Bc4 $16 Qd7 (25... Ng8 $16) 26. Na3 Raa8 27. Bb5 Qd8 28. Nc4 g5 $2 (28... Nc8 $16) 29. h3 $18 Rc8 30. Rbe3 Nc5 {intending ...g4.} 31. Nxg5 Ng6 {[#]} 32. Ne6 $1 {[%cal Re6d8][%mdl 512]} Bxe6 (32... Nxe6 33. dxe6) 33. dxe6 Nxe6 34. Nxd6 Qh4 35. Ne4 {And now Qd7 would win.} Rfd8 36. Qg4 Qxg4 37. hxg4 Nd4 38. Bd3 Nf4 39. Nd6 Bf8 (39... Nxd3 $142 40. Rxd3 Bf8) 40. Nf7+ {[%mdl 64] Double Attack} ({Weaker is} 40. Nxc8 Bxb4 41. Rb1 Bxa5 $16) 40... Kg8 41. Nxd8 Bxb4 42. Rb1 Bd2 43. Rxe5 (43. Rxb7 $142 Nxd3 44. Rxd3 Bxa5 45. Nf7) 43... Rxd8 44. Bc4+ Kh8 45. Rxb7 Nc6 46. Re4 Nxa5 47. Rf7 Nxc4 48. Rxc4 Ne6 49. g3 Nf8 50. Kg2 Kg8 51. Rb7 Bg5 (51... Rd6 $16 {keeps fighting.} 52. f4 h6) 52. Rc6 Rd2 53. Kf1 Rd4 54. Rcc7 {Hoping for Rg7+.} Rxg4 $2 {[%mdl 8192]} (54... Bd8 $16) 55. Rg7+ (55. f3 $142) 55... Kh8 56. f3 Rb4 57. Rxh7+ $1 Nxh7 58. Rxb4 Kg7 59. Ke2 (59. Rb7+ $18 {and the rest is easy.} Kg6 60. f4) 59... Kf7 (59... Nf8 $16 60. Rb7+ Kg6) 60. f4 Be7 61. Rb7 {Cut Off at move 61} Nf8 {[#]} 62. Kf3 $1 Ne6 {[#]} 63. g4 (63. Kg4 $1 $18) 63... Kf8 64. Rb6 Kf7 65. Ke4 Ng7 $2 {[%mdl 8192]} (65... Bd8 $16 66. Rb7+ Kf6) 66. Ke5 Ne8 67. g5 Ng7 $2 (67... Bc5 68. g6+ Kf8) 68. Rb7 {White wants to mate with f5.} Kf8 69. Rc7 Ba3 70. f5 Bb2+ 71. Kf4 Ne8 72. Rb7 (72. Rd7 $142 Bc1+ 73. Kg4) 72... Bc3 (72... Bc1+ $142 73. Kg4 Nd6) 73. Rd7 Bb2 74. Kg4 Ng7 75. f6 {White mates.} Ne6 76. Kf5 Nd4+ 77. Kg6 {[%cal Rd7d8]} Nc6 78. Rc7 Ne5+ 79. Kf5 Ke8 80. Re7+ {[%mdl 64] Double Attack.  Weighted Error Value: White=0.39/Black=0.42} 1-0

[Event "XXVII RUS-chT Premier 2020"]
[Site "Sochi"]
[Date "2020.11.22"]
[Round "4.27"]
[White "Nozdrachev, Leonid"]
[Black "Demidov, Mikhail"]
[Result "0-1"]
[WhiteElo "2391"]
[BlackElo "2526"]
[Annotator "TA"]
[PlyCount "86"]
[EventDate "2020.11.19"]
[EventType "team-tourn"]
[EventCountry "RUS"]
[SourceTitle "playchess.com"]
[Source "ChessBase"]
[SourceQuality "1"]

{[%evp 9,86,29,36,14,14,14,19,9,18,8,13,0,0,-16,-22,-49,-47,-125,-125,-91,-111,-118,13,16,11,0,46,1,89,9,8,0,-6,-19,0,0,-64,-233,-216,-673,-672,-651,-670,-685,-691,-683,-688,-672,-656,-633,-210,-737,-698,-675,-666,-2029,-1897,-1118,-1081,-29983,-29984,-29984,-29985,-29985,-29982,-29982,-29983,-29983,-29984,-29984,-29985,-29984,-29985,-29985,-29986,-29987,-29988,-29989,-29990]} 1. d4 d5 2. c4 e6 3. Nf3 c6 4. e3 Bd6 5. Nbd2 f5 6. Ne5 {D30: Queen's Gambit Declined: Systems without Nc3.} Nf6 7. Be2 O-O 8. Ndf3 {[#] The position is equal.} b6 $146 ({Predecessor:} 8... Nbd7 9. O-O Ne4 10. b3 Rf6 11. Nxd7 Bxd7 12. Ne5 Rh6 13. g3 Bxe5 14. dxe5 Qg5 {½-½ (32) Eggink,R (2316)-Smieszek,W (2035) Lazy 2015}) 9. O-O Ne4 10. Bd2 Qe7 11. Rb1 c5 12. dxc5 bxc5 13. b4 (13. Nd3 $15) 13... Qc7 $17 14. Nd3 {Hoping for bxc5.} dxc4 15. Nxc5 Bxc5 ({Inferior is} 15... Nxc5 16. bxc5 Bxc5 17. Bxc4 $16) (15... c3 $17 16. Be1 a5) 16. bxc5 $11 c3 17. Bc1 Nd7 18. c6 (18. Nd4 $5 {[%cal Rd4e6]} Ndxc5 19. f3 $14) 18... Ndc5 (18... Qxc6 $11 19. Qc2 Ndc5) 19. Nd4 (19. Ba3 $16) 19... e5 $36 {[%mdl 2048] Black has some pressure.} 20. Bc4+ Kh8 21. Nf3 Rd8 22. Qe2 g5 (22... Be6 $11) 23. Ne1 $2 {White does not recover from this.} (23. Rb5 $15 g4 24. Ng5 Nxg5 25. Rxc5) 23... Qxc6 $19 24. Nd3 $2 (24. Qc2) 24... Nxd3 25. Bxd3 {[#]} Rxd3 $1 {[%mdl 576] Remove Defender} 26. Qxd3 {aiming for Qd8+.} Ba6 {[%mdl 64] Skewer} 27. Qc2 Bxf1 28. Kxf1 {If White can now play f3 this consolidates a bit.} g4 29. Qd3 Qc7 $2 (29... Qf6 30. Qe2 Rd8) 30. f3 $2 (30. Rb5) 30... Rd8 31. Rb7 Qc8 ({Less strong is} 31... Rxd3 32. Rxc7 Rd1+ 33. Ke2 $17) 32. Qa6 gxf3 33. gxf3 {[#]} f4 $1 {[%mdl 512] ( -> ...Qh3+!)} 34. fxe4 (34. exf4 Qh3+) 34... Qh3+ {[%mdl 64] Double Attack. Black mates.} 35. Ke1 Qh4+ 36. Kf1 Rd1+ 37. Kg2 Qg4+ 38. Kf2 Qg1+ {[%mdl 64] Double Attack} 39. Kf3 Rf1+ 40. Qxf1 Qxf1+ 41. Kg4 Qxc1 42. Kf5 fxe3 43. Kf6 Qf1+ {Weighted Error Value: White=0.74/Black=0.24} 0-1

[Event "XXVII RUS-chT Premier 2020"]
[Site "Sochi"]
[Date "2020.11.22"]
[Round "4.28"]
[White "Murzin, Volodar"]
[Black "Smirnov, Timofey"]
[Result "1/2-1/2"]
[WhiteElo "2470"]
[BlackElo "2394"]
[Annotator "TA"]
[PlyCount "86"]
[EventDate "2020.11.19"]
[EventType "team-tourn"]
[EventCountry "RUS"]
[SourceTitle "playchess.com"]
[Source "ChessBase"]
[SourceQuality "1"]

{[%evp 12,86,31,14,26,14,22,8,41,22,24,8,8,0,62,50,66,58,48,47,82,78,75,75,65,43,73,72,74,76,79,78,79,83,95,87,109,79,100,95,100,93,100,100,109,100,144,154,158,157,170,93,93,93,111,111,111,104,114,104,106,84,84,46,94,0,85,0,87,86,104,0,64,0,79,0,78]} 1. d4 {Postny,E} d5 2. c4 c6 3. Nf3 Nf6 4. Nc3 dxc4 5. a4 e6 6. e3 c5 7. Bxc4 Nc6 {7...cxd4 is the hot move. D16: Slav Defence: 5 a4: Lines with 5...Bg4 and 5...Na6.} 8. O-O Be7 9. Qe2 O-O {[%cal Rc5d4]} 10. Rd1 cxd4 11. exd4 Nb4 12. Bg5 Bd7 (12... h6 $11 13. Bh4 Qe8) 13. d5 $1 $14 {[%cal Rd5e6]} exd5 14. Nxd5 Nbxd5 15. Bxd5 Nxd5 16. Rxd5 Bxg5 17. Nxg5 h6 18. Rad1 {Hoping for Ne4.} (18. Qd2 $5 {[%cal Rg5f3]} hxg5 19. Rxd7 $16) 18... Re8 19. Qd2 hxg5 20. Rxd7 Qf6 21. Rxb7 Rad8 22. Rd7 Rxd7 23. Qxd7 $16 {[%mdl 4160] [#] Endgame Double Attack. KQR-KQR} Re2 $146 ({Predecessor:} 23... Rb8 24. Qxa7 Rxb2 25. h3 Ra2 26. Qb8+ {1-0 (26) Kramnik,V (2784)-Wang,H (2752) Dortmund 2013 CBM 156 [Postny,E]}) 24. Qxa7 Qd6 {[%cal Rd6d1]} 25. Ra1 (25. Rxd6 $2 {leads to mate.} Re1#) 25... Qe5 {( -> ...Re1+)} 26. h3 Qxb2 27. Rd1 {Strongly threatening Rd8+.} Qb3 28. Qd4 Re6 29. Rc1 Kh7 30. a5 Qb5 {[#]} 31. Ra1 ({White should play} 31. Rc5 $1 $18 {[%cal Rc5b5]} Qb8 32. Qd1) 31... Ra6 32. Qe4+ f5 33. Qe1 Kg6 34. Qc3 Ra7 35. Qa3 Ra6 36. Qa2 Qe5 37. Qb1 Kh6 38. Qa2 Kg6 39. Qa3 (39. Qa4 $16) 39... Kh6 (39... Qb5 $11) 40. Qa4 Kh7 41. Qa3 Kh6 42. Qa2 (42. g4 $14) 42... Kh7 (42... Kg6 $11) 43. Qa3 Kh6 {White really could win this.  Weighted Error Value: White=0.23/Black=0.19} 1/2-1/2

[Event "XXVII RUS-chT Premier 2020"]
[Site "Sochi"]
[Date "2020.11.22"]
[Round "4.29"]
[White "Tsoi, Dmitry"]
[Black "Belyakov, Bogdan"]
[Result "1-0"]
[WhiteElo "2315"]
[BlackElo "2450"]
[Annotator "TA"]
[PlyCount "143"]
[EventDate "2020.11.19"]
[EventType "team-tourn"]
[EventCountry "RUS"]
[SourceTitle "playchess.com"]
[Source "ChessBase"]
[SourceQuality "1"]

{[%evp 9,143,-35,-38,-47,-43,-35,-34,-44,-34,-60,-56,-52,-35,-57,-59,-62,-39,-36,-31,-81,-41,-51,-42,-60,-53,-56,-28,-28,-28,-28,-21,-46,41,46,54,47,59,48,25,46,77,10,20,0,73,0,0,0,38,16,19,13,13,13,20,16,12,8,74,74,67,73,70,65,142,127,172,167,270,0,6,4,406,309,309,309,309,309,309,309,308,308,272,308,308,273,263,238,656,475,811,716,609,551,1283,1000,660,1358,1275,1297,1293,1121,1267,1251,1132,1173,812,777,9229,9256,5197,3931,29970,29972,29971,29974,29969,29977,29977,29978,29978,29979,29970,29972,29983,29984,29984,29985,29985,29986,29986,29987,29988,29989,29989,29990]} 1. f4 d5 2. Nf3 Bg4 3. e3 e6 4. d4 Nf6 5. Bd3 c5 6. c3 {D00: 1 d4 d5: Unusual lines.} Be7 7. O-O O-O 8. Nbd2 {Black is slightly better.} Nc6 9. Qe1 Bf5 10. Qe2 a6 11. Ne5 Qc7 {[#]} 12. g4 $146 ({Predecessor:} 12. Ndf3 c4 13. Bc2 b5 14. Nxc6 Qxc6 15. Ne5 Qc7 16. g4 Bxc2 17. Qxc2 Ne4 18. Nf3 {0-1 (40) Novikovas,A (1864)-Janjic,S (2147) Ohrid 2017}) 12... Bxd3 13. Nxd3 Nd7 14. a3 b5 15. b4 {[%cal Rb4c5]} cxb4 16. axb4 a5 {[%cal Ra5b4]} 17. Ba3 Nb6 18. bxa5 Na4 19. Bxe7 Qxe7 20. Nc5 {[%mdl 64] Decoy} Nxc5 (20... Rxa5 $15 21. Nxa4 bxa4) 21. Qxb5 $14 {[%mdl 64] Double Attack} Qh4 22. dxc5 Qxg4+ 23. Kh1 Rfc8 24. a6 g6 25. Nf3 ({White should play} 25. e4 $16) 25... Qf5 $11 26. Qb1 Qh3 (26... Nb8 $1 $11) 27. Qb7 (27. Rf2 $1 $16) 27... Qf5 $1 28. Qb1 Qh3 29. Qd3 Ne7 30. Ng5 Qh5 $1 31. Rf3 Qg4 $1 32. Qd4 {Threatens to win with Qf6!} h6 33. Rh3 Nc6 (33... Qf5 $11 {keeps the balance.} 34. Rxh6 f6) 34. Qf6 $16 Qf5 35. Qxf5 $40 {[%mdl 128] White has strong attack.} exf5 36. Rxh6 Nd8 (36... Nb8 $1 $14) 37. h4 $1 {[%cal Rh4h5] h5 is the strong threat.} Rc6 38. a7 Ne6 (38... Rxc5 $142 39. h5 Rc7 40. hxg6 Rcxa7 41. Rxa7 Rxa7 42. gxf7+ Nxf7 43. Rg6+ Kf8) 39. Rb1 $2 (39. h5 $1 $18) 39... Nf8 40. Rb7 Rf6 $2 {[%mdl 8192] This costs Black the game.} (40... Ra6 $11 {and Black has nothing to worry.} 41. c6 (41. Nxf7 R6xa7 42. Rxa7 Rxa7 $11) (41. Rxf7 R8xa7 42. Rxf8+ Kxf8 $17) 41... R6xa7) 41. Nh7 Ra6 {And now ...Kg7 would win.} 42. Nxf8 R6xa7 43. Rxa7 Rxa7 44. Nxg6 $18 {[%mdl 4096] Endgame Strongly threatening Ne5. KRN-KR} Kg7 45. Rh8 fxg6 {KR-KR} 46. Rd8 Ra3 47. Rxd5 Rxc3 48. Re5 $1 Kh6 $2 (48... Rc2 49. h5 {[%mdl 64] Deflection} gxh5 50. Rxf5 Kg6) 49. Kg2 Kh5 (49... Rc2+ $142 50. Kf3 Kg7 51. Re7+ Kf8) 50. Kg3 Rc1 51. Re8 {[%cal Re8h8]} Rg1+ 52. Kf3 {[%cal Re8h8]} Rf1+ {[#]} 53. Ke2 $1 {[%cal Re2f1]} Rc1 54. Rc8 Kxh4 55. Kd2 Rc4 {[#]} 56. Kd3 $1 Rc1 57. Kd4 Kg4 58. Rg8 Kf3 59. Rxg6 Rd1+ 60. Ke5 Rc1 61. c6 {Cut Off at move 61. White mates.} Kxe3 62. Kxf5 Rc5+ 63. Kg4 Rc4 64. Re6+ Kd4 65. Kg5 Kd5 66. f5 Rc1 67. Kf6 Rh1 68. c7 Rc1 69. Re7 Kd6 70. Kf7 Rc2 71. f6 Rc1 72. Ke8 {Weighted Error Value: White=0.24/Black=0.40} 1-0

[Event "XXVII RUS-chT Premier 2020"]
[Site "Sochi"]
[Date "2020.11.22"]
[Round "4.30"]
[White "Savitskiy, Sergey"]
[Black "Frolov, Aleksey G."]
[Result "1/2-1/2"]
[WhiteElo "2451"]
[BlackElo "2025"]
[Annotator "TA"]
[PlyCount "290"]
[EventDate "2020.11.19"]
[EventType "team-tourn"]
[EventCountry "RUS"]
[SourceTitle "playchess.com"]
[Source "ChessBase"]
[SourceQuality "1"]

{[%evp 17,290,27,25,40,35,33,58,28,33,36,54,51,47,27,34,7,16,11,11,11,5,23,18,0,0,0,11,-4,-7,-17,18,-10,10,-16,-18,-12,-12,-10,79,84,81,0,0,0,28,0,0,0,0,-10,0,0,0,0,0,0,0,0,0,0,0,0,0,0,0,0,0,0,0,0,0,0,0,0,0,0,0,0,1,0,0,0,7,0,25,8,8,8,8,8,25,8,25,25,25,8,8,8,37,8,63,8,8,8,8,0,8,8,8,8,8,8,27,8,34,34,34,34,34,34,37,34,52,28,28,28,34,34,35,28,56,8,27,27,27,8,8,8,8,8,8,8,8,8,8,8,8,8,8,8,8,8,8,8,8,0,8,8,8,8,8,8,8,8,8,8,8,8,8,8,8,8,8,8,8,8,8,8,8,8,8,8,8,8,8,8,8,0,8,8,8,8,8,8,8,8,20,20,28,28,28,28,28,27,29,29,27,8,8,8,29,29,29,29,29,29,29,29,29,16,20,0,0,0,36,8,8,8,8,0,0,0,0,0,0,0,0,0,0,0,0,0,0,0,0,0,0,0,0,0,0,0,0,0,0,0,0,0,0,0,0,0,0,0,0,0,0,0,0,0,0,0,0,0,0]} 1. e4 e5 2. Nf3 Nc6 3. Bb5 a6 4. Ba4 d6 5. c3 g6 6. d4 Bd7 7. O-O Bg7 8. Be3 Nf6 9. Nbd2 O-O 10. Re1 {C76: Ruy Lopez: Deferred Steinitz: 5 c3 Bd7 6 d4 g6.} b5 11. Bc2 {[#]} Qe8 $146 ({Predecessor:} 11... h6 12. Nf1 Re8 13. Ng3 Qe7 14. h3 a5 15. Qd2 Qf8 16. d5 Ne7 17. Nh2 Nxe4 18. Nxe4 {1-0 (41) Palac,M (2525)-Krstic,U (2388) Schwarzach 2017}) 12. dxe5 {White is slightly better.} Nxe5 13. h3 Qc8 14. Nxe5 dxe5 15. Qf3 c5 16. Bg5 Qc6 17. Nf1 {[%cal Bd2f1,Bf1e3,Be3d5][%mdl 32]} h6 18. Bh4 Nh5 19. Ne3 Nf4 20. Bg3 Qf6 21. Bxf4 Qxf4 22. Qxf4 exf4 23. Nd5 f3 24. Red1 Rad8 25. gxf3 Bxh3 26. a4 b4 27. cxb4 Bxb2 (27... cxb4 $11 {remains equal.} 28. Bb3 Bxb2) 28. Rab1 $16 Bd4 29. b5 (29. Bb3 $16) 29... axb5 $11 30. axb5 Rd6 31. Bb3 Rb8 32. Bc4 Kf8 33. Rd3 Be6 34. Ra3 h5 35. Ra7 h4 36. b6 Bxd5 37. Bxd5 Rbxb6 38. Rxb6 Rxb6 39. Rxf7+ {[%mdl 4096] Endgame KRB-KRB} Ke8 40. Kg2 Rb2 41. Kh3 g5 42. Kg4 Rxf2 43. Rh7 Kd8 44. Kxg5 Rxf3 45. Kxh4 Rf1 46. Kg4 Be5 47. Rh5 Bg7 48. Bc4 Rg1+ 49. Kf4 Bd4 50. e5 Rg7 51. Ke4 Kc7 52. e6 Kc6 53. Rh3 Rg5 54. Ra3 Re5+ 55. Kf4 Re1 56. Ra7 Be5+ 57. Kf5 Bc7 58. Kf6 Re4 (58... Bd8+ $11 59. Kf5 Rd1) 59. e7 ({White should play} 59. Ra6+ $1 $14 Kb7 60. e7) 59... Bd6 {Threatening ...Bxe7+!} 60. Ra6+ Kc7 61. Ra7+ {Cut Off at move 61} Kc6 {[#] aiming for ...Bxe7+!} 62. Be6 Bxe7+ $1 63. Rxe7 {Hoping for Bd7+. KRB-KR} Kb6 64. Kf5 Re1 65. Re8 Ka5 66. Rb8 Ka4 67. Bd5 Re2 68. Kf4 Re1 69. Kf3 Re5 70. Be4 Ka5 71. Ke3 Re6 72. Kd3 Rb6 73. Rc8 (73. Re8 {seems wilder.} Kb5 74. Bd5 c4+ 75. Kd4 c3 76. Rc8) 73... Kb4 74. Kc2 Rd6 75. Bd3 Rb6 76. Re8 c4 77. Re4 Rc6 78. Be2 Rc8 79. Rh4 Rc7 80. Rh8 Rc5 81. Re8 Ra5 82. Re4 Rc5 83. Rg4 Rc7 84. Rg1 Re7 85. Rb1+ Kc5 86. Kd2 Kd4 87. Rb4 Rc7 88. Kc2 Rc6 89. Rb8 Rc5 90. Bf1 Rf5 {White should prevent ...Rf2+.} 91. Rd8+ Rd5 92. Rf8 Re5 93. Rf7 Rc5 94. Rf4+ Ke3 95. Rh4 Rf5 96. Bxc4 Rf4 97. Rh3+ Rf3 98. Rh8 Kd4 99. Be2 Ra3 100. Rh4+ Ke5 101. Bd3 Ra2+ 102. Kc3 Rf2 103. Rh5+ Kf6 104. Kd4 Rf4+ 105. Be4 Rg4 106. Rh6+ Kg5 107. Rg6+ Kh5 108. Rd6 Rg7 109. Ke5 Kg5 110. Re6 Rg8 111. Re7 Kg4 112. Bd5 Rg5+ 113. Ke4 Kg3 114. Rf7 Rg4+ 115. Ke3 Ra4 116. Be4 Ra3+ 117. Bd3 Ra4 118. Rf1 (118. Rg7+ {feels hotter.} Rg4 119. Re7 Ra4 120. Rc7 Kg4 121. Rg7+) 118... Kh4 119. Be4 {[#] White threatens Rg1 and mate.} (119. Rf5 {keeps more tension.} Ra3 120. Rd5 Kg4 121. Re5 Rb3 122. Ra5) 119... Kg5 120. Rf5+ Kg4 121. Rf6 Ra3+ {The position is equal.} 122. Bd3 Ra5 123. Rf1 Kg5 124. Rg1+ Kf6 $1 125. Rg6+ Kf7 126. Rc6 Ke7 127. Kd4 Rh5 128. Bg6 Rg5 129. Ra6 Rb5 130. Be4 Rh5 131. Bf3 Rg5 132. Bd5 Rh5 133. Re6+ Kf8 134. Bb3 Rg5 135. Ke4 Rh5 (135... Rg1 {is more complex.} 136. Rd6 Rf1 137. Rb6 Rg1 138. Rf6+ Ke7) 136. Kf4 Rb5 137. Bc2 (137. Bd1 {with more complications.} Kf7 138. Rh6 Kg7 139. Ra6 Rb4+ 140. Kf3) 137... Kf7 138. Bf5 Rb2 139. Rh6 Ke7 140. Be4 Rb5 141. Bc6 Rc5 142. Ke4 Rg5 143. Bd5 Kd7 144. Kd4 Ke7 145. Re6+ Kf8 {Weighted Error Value: White=0.10/Black=0.10} 1/2-1/2